| 000 | 01118nam0a2200301 4500 | ||
|---|---|---|---|
| 001 | RU\NLR\bibl\6814 | ||
| 005 | 20260406045647.0 | ||
| 010 |
_a5-230-03053-4 _9300 |
||
| 021 |
_aRU _b98-6600 _9316 |
||
| 035 | _a(NLR Aleph) 000006636 | ||
| 090 |
_a19862 _c19862 |
||
| 100 | _a19981103d1997 |||y0rusy50 ca | ||
| 101 | 0 | _arus | |
| 102 | _aRU | ||
| 105 | _a||||||||||||| | ||
| 200 | 1 |
_aПоследние романтики _eСтихи _fЭльвира Бочкова |
|
| 210 |
_aН. Новгород _cНГТУ _d1997 |
||
| 215 |
_a154 с. _d16 |
||
| 300 | _aИзд. на средства авт. | ||
| 327 | 1 | _aСодерж.: Циклы: Движения души; Иду к тебе...; Верна календарю; спасешься любовью; Последние романтики | |
| 686 | _aШ6(2=Р)75-5 | ||
| 700 | 1 |
_4070 _8rus _7ca _aБочкова _bЭ. Л. _f1938- _gЭльвира Леонидовна _3RU\NLR\auth\775312 _9115276 |
|
| 801 | 0 |
_aRU _bNLR _c19981103 _gPSBO |
|
| 801 | 1 |
_aRU _bNLR _c19981103 |
|
| 852 |
_aNLR _j98-2/553 |
||
| 942 | _cBOOK | ||
| 980 | _aNB | ||